Nguyễn Khuyến - Những lời bình

Sparad:
Bibliografiska uppgifter
Huvudupphovsman: Nguyễn Khuyến
Materialtyp: Bok
Språk:Vietnamese
Publicerad: Hà Nội NXB Văn hóa - Thông tin 2006
Ämnen:
Taggar: Lägg till en tagg
Inga taggar, Lägg till första taggen!
Thư viện lưu trữ: Mạng thư viện Đại học Đà Nẵng
LEADER 01054nam a2200301 4500
001 000004306
003 439
005 20121211001215.0
008 110719s2006 viesd
041 0 |a vie 
082 |a 895.9221  |b NG-K 
100 0 |a Nguyễn Khuyến 
245 0 |a Nguyễn Khuyến - Những lời bình  |c Mai Hương (tuyển chọn và biên soạn) 
260 |a Hà Nội  |b NXB Văn hóa - Thông tin  |c 2006 
300 |a 466 tr.  |c 20 cm. 
653 |a Văn học Việt Nam 
653 |a Thơ Nguyễn Khuyến, 1835 - 1909 
910 |a Huỳnh Thị Cẩm Lai  |d 19/07/2011 
OWN |a LSP 
AVA |a UDN50  |b LSP  |d 895.9221 NG-K  |e available  |t Error 5001 Not defined in file expand_doc_bib_avail.  |f 10  |g 0  |h N  |i 0  |k 1 
999 |a From the UDN01 
AVA |a UDN50  |b LSP  |d 895.9221 NG-K  |e available  |t Error 5001 Not defined in file expand_doc_bib_avail.  |f 10  |g 0  |h N  |i 0  |k 1 
TYP |a Monograph 
TYP |a Printed language 
980 |a Mạng thư viện Đại học Đà Nẵng